Computer architecture a quantitative approach

Gespeichert in:
Bibliographische Detailangaben
Hauptverfasser: Hennessy, John L (Verfasst von), Patterson, David A (Verfasst von)
Format: Buch
Sprache:Englisch
Veröffentlicht: San Francisco : Morgan Kaufmann Publishers, 1995
Ausgabe:2.ed.
Schlagworte:
Tags: Tag hinzufügen
Keine Tags, Fügen Sie das erste Tag hinzu!

MARC

LEADER 00000nam a22000003a 4500
001 stu49262
005 20150617225710.0
008 990301s1995------------------------eng-d
020 |a 1-55860-329-8 
040 |a STU  |b slo 
041 0 |a eng 
080 |a 681.32.02  |7 stu_us_auth*stu8293 
084 |a C5220  |2 INS 
100 1 |a Hennessy, John L  |4 aut 
245 1 |a Computer architecture a quantitative approach 
250 |a 2.ed. 
260 |a San Francisco :  |b Morgan Kaufmann Publishers,  |c 1995 
300 |a 760 s 
650 7 |a architektúra počítačov  |2 stusub 
650 7 |a počítačové systémy  |2 stusub 
700 1 |a Patterson, David A  |4 aut 
996 |c I*I*7PS5252  |l I  |s A  |a 24  |w stu49262_0001